Stephen King Bibliography - Statistics

General Stats
  • This quiz has been taken 870 times
    45 since last reset
  • The average score is 57 of 322
Answer Stats
Type Year Name % Correct
Novel 1977 The Shining
97%
Novel 1974 Carrie
91%
Novel 1981 Cujo
86%
Novel 1986 It
86%
Novel 1975 'Salem's Lot
83%
Novel 1982 The Dark Tower: The Gunslinger
83%
Novel 1983 Christine
80%
Novel 1983 Pet Sematary
80%
Novel 1978 The Stand
80%
Novel 1987 Misery
77%
Novel 2004 Dark Tower VII: The Dark Tower
74%
Novel 2013 Doctor Sleep
69%
Novella 2008 N.
69%
Novel 1979 The Long Walk
69%
Novel 1980 Firestarter
66%
Novel 1979 The Dead Zone
66%
Novel 1996 The Green Mile
66%
Novel 1992 Gerald's Game
63%
Novel 1992 Dolores Claiborne
60%
Novel 1982 The Running Man
60%
Novel 1987 The Tommyknockers
60%
Memoir 2000 On Writing: A Memoir of the Craft
57%
Novel 1984 Thinner
57%
Novel 2011 11/22/63
54%
Novel 2014 Mr. Mercedes
54%
Novel 1977 Rage
54%
Novel 1995 Rose Madder
54%
Novel 2006 Cell
51%
Novel 1996 Desperation
51%
Novel 2001 Dreamcatcher
51%
Novel 1994 Insomnia
51%
Short Story Collection 1978 Night Shift
51%
Short Story Collection 1985 Skeleton Crew
51%
Novel 1999 The Girl Who Loved Tom Gordon
51%
Novella 1978 The Gunslinger
51%
Poem 2010 Tommy
51%
Novel 2009 Under the Dome
51%
Short Story Collection 1982 Different Seasons
49%
Novel 2008 Duma Key
49%
Novel 1991 Needful Things
49%
Novella 1980 The Mist
49%
Novel 2022 Fairy Tale
46%
Novel 2023 Holly
46%
Novella 1982 The Body
46%
Novel 1987 The Eyes of the Dragon
46%
Novel 1984 The Talisman
46%
Novel 2001 Black House
43%
Novel 2007 Blaze
43%
Short Story 1977 Children of the Corn
43%
Novel 2015 Finders Keepers
43%
Novel 1989 The Dark Half
43%
Novel 1991 The Dark Tower III: The Waste Lands
43%
Novel 2019 The Institute
43%
Novel 2021 Billy Summers
40%
Novel 2006 Lisey's Story
40%
Novel 1987 The Dark Tower II: The Drawing of the Three
40%
Novel 1997 The Dark Tower IV: Wizard and Glass
40%
Novel 2003 The Dark Tower V: Wolves of the Calla
40%
Novel 2018 The Outsider
40%
Novella 1982 Apt Pupil
37%
Novel 1998 Bag of Bones
37%
Graphic Novella 1982 Creepshow
37%
Novella 1983 Cycle of the Werewolf
37%
Novel 2004 Dark Tower VI: Song of Susannah
37%
Novella 2018 Elevation
37%
Novella 1997 Everything's Eventual
37%
Short Story Collection 2002 Everything's Eventual
37%
Novel 2002 From a Buick 8
37%
Novel 2014 Revival
37%
Novel 1981 Roadwork
37%
Novella 1990 The Langoliers
37%
Novel 1996 The Regulators
37%
Non-Fiction Book 1981 Danse Macabre
34%
Short Story Collection 1990 Four Past Midnight
34%
Short Story Collection 1999 Hearts in Atlantis
34%
Novella 1999 Hearts in Atlantis
34%
Short Story Collection 2020 If It Bleeds
34%
Novella 2020 If It Bleeds
34%
Novel 2013 Joyland
34%
Novel 2017 Sleeping Beauties
34%
Short Story 1980 The Monkey
34%
Novel 2016 End of Watch
31%
Short Story Collection 2010 Full Dark, No Stars
31%
Short Story Collection 1993 Nightmares & Dreamscapes
31%
Novel 2012 The Dark Tower: The Wind Through the Keyhole
31%
Short Story 1999 1408
29%
Short Story 1959 Charlie
29%
Novel 2021 Later
29%
Novella 1982 Rita Hayworth and Shawshank Redemption
29%
Short Story Collection 2015 The Bazaar of Bad Dreams
29%
Children's Book 2016 Charlie the Choo-Choo: From the World of The Dark Tower
26%
Short Story 1970 Graveyard Shift
26%
Novel 2022 Gwendy's Final Task
26%
Short Story Collection 2008 Just After Sunset
26%
Novel 2005 The Colorado Kid
26%
Short Story Collection 2024 You Like It Darker
26%
Novella 2017 Gwendy's Button Box
23%
Short Story 1978 Jerusalem's Lot
23%
Short Story 1978 Quitters, Inc.
23%
Collection of Writings 2000 Secret Windows: Essays and Fiction on the Craft of Writing
23%
Short Story 1975 The Lawnmower Man
23%
Novella 2020 The Life of Chuck
23%
Novella 1990 The Sun Dog
23%
Novella 2010 1922
20%
Non-Fiction Book 2005 Faithful
20%
Poem 1985 For Owen
20%
Novel 2025 Never Flinch
20%
Novella 1990 The Library Policeman
20%
Novella 2010 A Good Marriage
17%
Children's Book 2025 Hansel and Gretel
17%
Coffee Table Book 1988 Nightmares in the Sky: Gargoyles and Grotesques
17%
Novella 1990 Secret Window, Secret Garden
17%
Short Story 1974 Sometimes They Come Back
17%
Short Story 1973 The Boogeyman
17%
Novella 1982 The Breathing Method
17%
Short Story 1972 The Mangler
17%
Short Story 1982 The Raft
17%
Short Story 1973 Trucks
17%
Short Story 1973 Gray Matter
14%
Non-Fiction Book 2016 Hearts in Suspension
14%
Novel 2026 Other Worlds Than These
14%
Novella 2020 Rat
14%
Teleplay 1999 Storm of the Century
14%
Short Story Collection 1985 The Bachman Books
14%
Novella 1998 The Little Sisters of Eluria
14%
Comic Book 2010 American Vampire
11%
Short Story 1997 Autopsy Room Four
11%
Short Story 1972 Battleground
11%
Short Story 1994 Blind Willie
11%
Novella 2010 Blockade Billy
11%
Novella 1985 Dolan's Cadillac
11%
Novella 2012 In the Tall Grass
11%
Short Story 2018 Laurie
11%
Novella 1999 Low Men in Yellow Coats
11%
Novella 2020 Mr. Harrigan's Phone
11%
Short Story Collection 2009 Stephen King Goes to the Movies
11%
Short Story 1982 Survivor Type
11%
Poem 1969 The Dark Man
11%
Short Story 1981 The Jaunt
11%
Short Story 1978 The Last Rung on the Ladder
11%
Novella 2008 A Very Tight Place
9%
Novella 2010 Big Driver
9%
Short Story 1980 Crouch End
9%
Short Story 1984 Gramma
9%
Short Story 1968 Here There Be Tygers
9%
Short Story 1978 Nona
9%
Short Story 1977 One for the Road
9%
Novella 2000 Riding the Bullet
9%
Short Story 1968 Strawberry Spring
9%
Short Story 1977 The Cat from Hell
9%
Short Story 2011 The Dune
9%
Short Story 1972 The Fifth Quarter
9%
Short Story 1976 The Ledge
9%
Short Story 1977 The Man Who Loved Flowers
9%
Short Story 2015 A Death
6%
Short Story 2001 All That You Love Will Be Carried Away
6%
Short Story 2012 Batman and Robin Have an Altercation
6%
Short Story 1984 Beachworld
6%
Short Story 1982 Before the Play
6%
Short Story 1980 Big Wheels: A Tale of the Laundry Game (Milkman #2)
6%
Poem 1971 Brooklyn August
6%
Short Story 1971 I Am the Doorway
6%
Short Story 1976 I Know What You Need
6%
Short Story 1999 In the Deathroom
6%
Novella 2011 Mile 81
6%
Short Story 1985 Morning Deliveries (Milkman #1)
6%
Short Story 1969 Night Surf
6%
Novella 2024 Rattlesnakes
6%
Novella 1984 The Ballad of the Flexible Bullet
6%
Poem 2009 The Bone Church
6%
Short Story 2001 The Death of Jack Hamilton
6%
Serialized Novel 2025-Present The End Times
6%
Short Story 1967 The Glass Floor
6%
Novella 1981 The Gunslinger and the Dark Man
6%
Short Story 1988 The Night Flier
6%
Short Story 1978 The Woman in the Room
6%
Novella 1999 Why We're in Vietnam
6%
Novella 2012 A Face in the Crowd
3%
Short Story 2013 Afterlife
3%
Play 1990 An Evening at God's
3%
Short Story 2007 Ayana
3%
Short Story 2014 Bad Little Kid
3%
Audiobook 1999 Blood and Smoke
3%
Short Story 1968 Cain Rose Up
3%
Short Story 1992 Chattery Teeth
3%
Short Story 2016 Cookie Jar
3%
Novella 2024 Danny Coughlin's Bad Dream
3%
Short Story 1988 Dedication
3%
Poem 1994 Dino
3%
Poem 1970 Donovan's Brain
3%
Short Story 2015 Drunken Fireworks
3%
Novella 2010 Fair Extension
3%
Short Story 2022 Finn
3%
Play 2013 Ghost Brothers of Darkland County
3%
Short Story 2007 Graduation Afternoon
3%
Poem 1968 Harrison State Park '68
3%
Short Story 2003 Harvey's Dream
3%
Short Story 2011 Herman Wouk Is Still Alive
3%
Short Story 1989 Home Delivery
3%
Short Story 1973 It Grows on You
3%
Short Story 1959 Jumper
3%
Short Story 1997 L.T.'s Theory of Pets
3%
Short Story 1995 Lunch at the Gotham Café
3%
Short Story 1984 Mrs. Todd's Shortcut
3%
Poem 1985 Paranoid: A Chant
3%
Short Story Collection 1960 People, Places and Things
3%
Short Story 1987 Popsy
3%
Poem 1970 Silence
3%
Short Story Collection 1997 Six Stories
3%
Teleplay 1993 Sorry, Right Number
3%
Short Story 2014 That Bus Is Another World
3%
Novella 1963 The Aftermath
3%
Novella 2024 The Answer Man
3%
Short Story 1979 The Crate
3%
Short Story 1987 The Doctor's Castle
3%
Novella 2024 The Dreamers
3%
Short Story 1986 The End of the Whole Mess
3%
Short Story 2025 The Extra Hour
3%
Short Story 2020 The Fifth Step
3%
Short Story 1974 The Float
3%
Novella 2007 The Gingerbread Girl
3%
Poem 1971 The Hardcase Speaks
3%
Short Story 1993 The House on Maple Street
3%
Short Story 1994 The Man in the Black Suit
3%
Short Story 1981 The Man Who Would Not Shake Hands
3%
Short Story 1981 The Reach
3%
Short Story 1969 The Reaper's Image
3%
Short Story 1999 The Road Virus Heads North
3%
Short Story 1964 The Star Invaders
3%
Novel 1964 The Star Invaders
3%
Short Story 2018 The Turbulence Expert
3%
Short Story 1983 Uncle Otto's Truck
3%
Novella 2009 Ur
3%
Short Story 1976 Weeds
3%
Poem 1971 Woman with Child
3%
Short Story 1983 Word Processor of the Gods
3%
Short Story 1970 A Possible Fairy Tale
0%
Short Story 1971 Blue Air Compressor
0%
Short Story 2001 Calla Bryn Sturgis
0%
Short Story 1965 Codename: Mousetrap
0%
Short Story 1986 For the Birds
0%
Short Story 1999 Heavenly Shades of Night Are Falling
0%
Short Story 1960 Hotel at the End of the Road
0%
Short Story 1960 I'm Falling
0%
Poem 1971 In the Key Chords of Dawn
0%
Poem 1972 In the Key Chords of Dawn
0%
Short Story 1960 I've Got to Get Away!
0%
Short Story 1965 I Was a Teenage Grave Robber
0%
Short Story 1993 Jhonathan and the Witchs
0%
Short Story 1959 Land of 1,000,000 Years Ago
0%
Short Story 2004 Lisey and the Madman
0%
Short Story 1995 Luckey Quarter
0%
Short Story 1978 Man with a Belly
0%
Short Story 2006 Memory
0%
Short Story 2015 Mister Yummy
0%
Novella 2009 Morality
0%
Poem 2009 Mostly Old Men
0%
Short Story 2007 Mute
0%
Short Story 1989 My Pretty Pony
0%
Short Story 1960 Never Look Behind You
0%
Short Story 2015 Obits
0%
Short Story 2020 On Slide Inn Road
0%
Short Story 2009 Premium Harmony
0%
Short Story 1989 Rainy Season
0%
Short Story 2021 Red Screen
0%
Short Story 2003 Rest Stop
0%
Short Story 1960 Rush Call
0%
Poem 1970 She Has Gone To Sleep While
0%
Poem 1971 She Has Gone to Sleep While...
0%
Short Story 1982 Skybar
0%
Short Story 1970 Slade
0%
Short Story 1988 Sneakers
0%
Short Story 2019 Squad D
0%
Short Story 2003 Stationary Bike
0%
Short Story 1969 Stud City
0%
Short Story 1972 Suffer the Little Children
0%
Short Story 2013 Summer Thunder
0%
Novel 1970 Sword in the Darkness
0%
Short Story 1998 That Feeling, You Can Only Say What It Is in French
0%
Short Story 1966 The 43rd Dream
0%
Short Story 1990 The Bear
0%
Short Story 1993 The Beggar and the Diamond
0%
Short Story 1981 The Bird and the Album
0%
Short Story 1960 The Cursed Expedition
0%
Short Story 1960 The Dimension Warp
0%
Short Story 2005 The Furnace
0%
Short Story 1994 The Killer
0%
Short Story 1977 The King Family and the Wicked Witch
0%
Short Story 2011 The Little Green God of Agony
0%
Short Story 1981 The Monster in the Closet
0%
Short Story 1990 The Moving Finger
0%
Short Story 2016 The Music Room
0%
Short Story 1999 The New Lieutenant's Rap
0%
Short Story 2008 The New York Times at Special Bargain Rates
0%
Short Story 1971 The Old Dude's Ticker
0%
Novella 1981 The Oracle and the Mountains
0%
Short Story 1960 The Other Side of the Fog
0%
Short Story 1961 The Pit and the Pendulum
0%
Short Story 1988 The Repoids
0%
Short Story 1983 The Return of Timmy Baterman
0%
Short Story 1984 The Revelations of 'Becka Paulson
0%
Short Story 1975 The Revenge of Lard Ass Hogan
0%
Short Story 2013 The Rock and Roll Dead Zone
0%
Novella 1981 The Slow Mutants
0%
Short Story 1960 The Stranger
0%
Short Story 2003 The Tale of Gray Dick
0%
Short Story 1993 The Ten O'Clock People
0%
Short Story 1960 The Thing at the Bottom of the Well
0%
Short Story 2006 The Things They Left Behind
0%
Short Story 1963 The Undead
0%
Novella 1980 The Way Station
0%
Short Story 1980 The Wedding Gig
0%
Play 2017 Thin Scenery
0%
Novella 1959 Thirty-One of the Classics
0%
Novella 2009 Throttle
0%
Short Story 1963 Trigger Finger
0%
Novella 2024 Two Talented Bastids
0%
Short Story 1993 Umney's Last Case
0%
Short Story 2011 Under the Weather
0%
Short Story 2006 Willa
0%
Short Story 2022 Willie the Weirdo
0%
Short Story 1992 You Know They Got a Hell of a Band
0%
No matching quizzes found
Score Distribution
Percent of People with Each Score
Percentile by Number Answered
Your Score History
You have not taken this quiz since the last reset